El delito culposo o imprudente en Derecho penal y su regulacin̤ en el COI

Detalles Bibliográficos
Autor principal: Caldern̤ Tello, Lyonel
Formato: eBook
Lenguaje:español
Publicado: Barcelona: J.M. Bosch Editor, 2019
Materias:
Acceso en línea:Acceso restringido

MARC

LEADER 00000nam a22000007a 4500
005 20200302232254.0
007 cr|||| ||||
008 200302s2019 es |||||s|||| 00||0 spa d
020 |a 978-84-121260-7-5 
035 |a 31122 
040 |a vLex 
090 |c 10151  |d 10151 
100 1 |a Caldern̤ Tello, Lyonel 
245 1 2 |a El delito culposo o imprudente en Derecho penal y su regulacin̤ en el COI  |h [Recurso electrn̤ico] /  |c Lyonel Caldern̤ Tello 
256 |a Servicio en ln̕ea 
260 |a Barcelona:  |b J.M. Bosch Editor,  |c 2019 
300 |a 1 recurso electrn̤ico 
500 |a En este trabajo, se adopta una postura que explica que el tipo objetivo del delito imprudente no difiere en absoluto respecto del tipo objetivo del delito doloso y, por tanto, su diferenciacin̤ est ̀en el lado subjetivo del tipo. La primera consecuencia relevante sera̕ que la imputacin̤ objetiva y sus subinstitutos dogmt̀icos rigen de igual modo en ambas modalidades. Para construir nuestra postura hemos partido del par normativo-intelectivo conocimiento/no conocimiento relevante jurd̕ico- penalmente. Adems̀, hemos propuesto una normativizacin̤ de las especies de culpa que las entienda no como consciente/inconsciente, sino como previsible/no previsible. Por l︢timo, se aborda la cuestin̤ de la gravedad de la culpa y aunque se seąla que aquella no agrega nada al problema de la determinacin̤ de la imprudencia, como el legislador (en algunos supuestos) la ha previsto, es necesario dar una fundamentacin̤ penal de aquella sobre todo para lograr encajar su ubicacin̤ sistemt̀ica. 
506 1 |a Disponible solo en los productos indicados”  |d vLex Global  |d vLex Global (Academic Edition, excluding Law Schools)  |d vLex Global (U.S. Academic Edition, Law Schools)  |d vLex Global (U.S. Academic Edition, excluding Law Schools)  |d vLex Global (Academic Edition, Law Schools) 
650 0 4 |a Derecho Penal  |z Espaą 
650 0 4 |a Procedimiento Penal  |z Espaą 
740 0 |a vLex Libros (Servicio en ln̕ea) 
856 4 0 |u http://vlex.com/source/delito-culposo-o-imprudente-en-derecho-penal-y-su-regulacion-en-el-coip-31122  |z Acceso restringido 
942 |c BOOK 
999 0 |a Criminal Law 
999 0 |a Criminal Procedure